Mạng máy tính

Guardado en:
Detalles Bibliográficos
Autor principal: Tanenbaum, Andrew S
Formato: Libro
Lenguaje:Undetermined
Publicado: [Hà Nội] Thống Kê 2002
Materias:
Etiquetas: Agregar Etiqueta
Sin Etiquetas, Sea el primero en etiquetar este registro!
Thư viện lưu trữ: Trung tâm Học liệu Trường Đại học Cần Thơ
LEADER 00549nam a2200193Ia 4500
001 CTU_48375
008 210402s9999 xx 000 0 und d
020 |c 95000 
082 |a 004.65 
082 |b T164 
100 |a Tanenbaum, Andrew S 
245 0 |a Mạng máy tính 
245 0 |c Andrew S. Tanenbaum ; Hồ Anh Phong dịch 
260 |a [Hà Nội] 
260 |b Thống Kê 
260 |c 2002 
650 |a Computer networks,Mạng máy tính 
904 |i Huỳnh Mai 
980 |a Trung tâm Học liệu Trường Đại học Cần Thơ